00301cam a2200109u 4500040000900000082002600009100003700035245003100072260003700103300002700140650002400167 cCarP a547 GAU 1964 A030 Or.1 aArnaud, Paul. [from old catalog]10aCours de chimie organique. aParis,bGauthier-Villars,c1964. a327 p.billus.c24 cm. 0aChemistry, Organic.